• 首页
  • 本馆介绍
  • 公告通知
  • 最新文献
  • 馆藏检索
  • 电子资源
  • 读者导购
  • 参考咨询
  • 我的图书馆
  • 登录
  • 详细信息显示
  • 放入我的书架
  • 预约/预借图书
  • 作者相关作品
  • 分类相关作品
  • 丛书相关作品
  • 出版社相关作品

书目信息

  • 表格格式
  • 工作单格式
  • 卡片格式
题名:
爵士鼓入门与提高
    
 
作者: 孟宪德 著
分册:  
出版信息: 北京   蓝天出版社  2009.05
页数: 121页
开本: 26cm
丛书名: 军地俱乐部丛书
单 册:
中图分类: J625.96
科图分类:
主题词: 器乐--理论 , 器乐--奏法 , 器乐--演奏
电子资源:
ISBN: 978-7-5094-0200-9
000 00703nam0 2200253 450
001 1131506140
005 20110921084757.46
010    @a978-7-5094-0200-9@dCNY16.00
100    @a20110921d2009 km y0chiy0120 ea
101 0  @achi
102    @aCN@b110000
200 1  @a爵士鼓入门与提高@Ajue shi gu ru men yu ti gao@f孟宪德著@Fmeng xian de zhu
210    @a北京@c蓝天出版社@d2009.05
215    @a121页@d26cm
225 2  @a军地俱乐部丛书
300    @a西洋乐器系列教材
410  0 @12001 @a军地俱乐部丛书
606 0  @a器乐@x理论
606 0  @a器乐@x奏法
606 0  @a器乐@x演奏
690    @aJ625.96@v5
701  0 @a孟宪德@Ameng xian de@4著
801  0 @aCN@bNISOFT@c20110921
905    @aBZT@dJ625.96@e2
    
    爵士鼓入门与提高/孟宪德著.-北京:蓝天出版社,2009.05
    121页;26cm.-(军地俱乐部丛书)
    西洋乐器系列教材
    
    ISBN 978-7-5094-0200-9:CNY16.00
    
●
相关链接 在五车中查询图书 在当当中查询图书 在豆瓣中查询图书


正题名:爵士鼓入门与提高     索取号:J625.96/2         预约/预借

序号 登录号 条形码 馆藏地/架位号 状态 备注
1 794860   2000794860   样本书库/样006架A面3层1列/ [索取号:J625.96/2] 在馆    
2 794861   2000794861   中心书库中库/ 中库020架B面5列4层43/ [索取号:J625.96/2] 在馆    
3 794862   2000794862   中心书库中库/ 中库020架B面5列4层41/ [索取号:J625.96/2] 在馆    
4 794863   2000794863   中心书库中库/ 中库020架B面5列4层40/ [索取号:J625.96/2] 在馆    
5 794864   2000794864   中心书库中库/ 中库020架B面5列4层39/ [索取号:J625.96/2] 在馆    
6 794865   2000794865   中心书库中库/ 中库020架B面5列4层42/ [索取号:J625.96/2] 在馆    
山东省滨州职业学院图书馆 欢迎您!
大连网信软件有限公司© 版权所有